01737nam a2200265 a 4500003000800000005001700008007000300025008004100028015001200069020001800081040004200099044001300141082001500154100002600169245004700195250001100242260004300253300002100296490004300317520102100360650003001381650003101411650001801442655001101460AR-BaBN20241216135833.0ta2412 s2023 ag gr 000 f spa  aAR-2021 a9789878473710 aAR-BaBNbspacAR-BaBNeaacrdAR-BeUNQ aagcar-c aAr 8632211 aZwaig, Monica,d1981-14aUna familia bajo la nieve /cMonica Zwaig. a2a ed. aBuenos Aires :bBlatt & Ríos,c2023. a180 p. ;c18 cm. aIdentidades Bonaerensesx97898784737101 a"Una familia vive sus días en los suburbios de una ciudad francesa. Corren las últimas décadas del siglo XX. Padre y madre, exiliados de la dictadura argentina, reconstruyen su vida y deciden criar a sus hijos en la cultura del país que los adoptó. Pero la vida está hecha de casualidades y decisiones que tienen consecuencias imprevisibles. Una separación, la elección de una carrera universitaria, una amistad, entre otras cosas, depositan a Harmonica, una de las hijas y la narradora de esta novela, en Buenos Aires, donde iniciará un raro periplo para plantar un árbol genealógico. Hay despedidas y reencuentros, hay amores frustrados, remordimientos. Hay una potencia narrativa que Monica Zwaig administra con maestría y que logra desplegar en este libro, pergeñado lejanamente en su francés natal pero escrito en un terso y elegante castellano, un castellano tan demoledor como dulce. Una familia bajo la nieve es una hermosa novela francesa escrita en argentino." --c(Contratapa). 7aLiteratura (Arte)2spines 7aLiteratura argentina2ttll 7aNovelas2ttll 4aNovela